"Híd" diktatúrából demokráciába - a 60-as évek kaleidoszkópja Spanyolországban

Elmentve itt :
Bibliográfiai részletek
Szerző: Zalai Anita
Dokumentumtípus: Könyv része
Megjelent: 2016
Sorozat:A mi Santeránk : tanulmányok Dornbach Mária 70. születésnapjára
Kulcsszavak:Spanyolország története - 1960-as évek
Online Access:http://acta.bibl.u-szeged.hu/62841
LEADER 00712naa a2200181 i 4500
001 acta62841
005 20260224081030.0
008 191122s2016 hu o 000 hun d
020 |a 978-963-315-297-3 
040 |a SZTE Egyetemi Kiadványok Repozitórium  |b hun 
041 |a hun 
100 1 |a Zalai Anita 
245 1 0 |a "Híd" diktatúrából demokráciába - a 60-as évek kaleidoszkópja Spanyolországban  |h [elektronikus dokumentum] /  |c  Zalai Anita 
260 |c 2016 
300 |a 141-147 
490 0 |a A mi Santeránk : tanulmányok Dornbach Mária 70. születésnapjára 
695 |a Spanyolország története - 1960-as évek 
856 4 0 |u http://acta.bibl.u-szeged.hu/62841/1/a_mi_santerank_141-147.pdf  |z Dokumentum-elérés